| 000 | 01146cam a22003014a 4500 | ||
|---|---|---|---|
| 999 |
_c7527 _d7527 |
||
| 001 | 7527 | ||
| 003 | BD-JhCC | ||
| 005 | 20180305202408.0 | ||
| 008 | 030220s2004 nyua c b 001 0 eng | ||
| 020 | _a1590361148 (lib. bdg. : alk. paper) | ||
| 035 | _a(BD-JhCC)7527 | ||
| 040 |
_aDLC _cDLC _dDLC _dBD-JhCC |
||
| 041 | _aeng | ||
| 050 | 0 | 0 |
_aQE906 _b.A78 2004 |
| 082 | 0 | 0 |
_a561 _221 _bMUK 2004 |
| 100 | 1 | _aMukheraji H. | |
| 245 | 1 | 0 |
_aPlants Group / _cH. Mkherji |
| 260 |
_aNew York : _bWeigl Publishers, _cc2004. |
||
| 300 |
_a1117 p. : _bcol. ill. ; _c26 cm. |
||
| 490 | 1 | _aPrehistoric life | |
| 504 | _aIncludes bibliographical references (p. 28) and index. | ||
| 505 | 0 | _aComing ashore -- Plants take over -- A different earth -- Adapting to change -- Plant fossils -- Revealing evidence -- Plant detectives -- Plant groups -- Plants closeup -- Life cycle of plants -- Plants in the food web -- Disappearing act -- Starring role for plants -- Digging for plants. | |
| 650 | 0 |
_aPlants, Fossil _vJuvenile literature. |
|
| 650 | 1 | _aPlants, Fossil. | |
| 830 | 0 | _aPrehistoric life (Mankato, Minn.) | |
| 942 |
_2ddc _cBK |
||